LEADER 01325nam--2200409---450- 001 990002861970203316 005 20090226170407.0 010 $a88-387-2387-7 035 $a000286197 035 $aUSA01000286197 035 $a(ALEPH)000286197USA01 035 $a000286197 100 $a20070129d2006----km-y0itay50------ba 101 $aita 102 $aIT 105 $a||||||||001yy 200 1 $aCome i lavoratori percepiscono le proprie condizioni di lavoro$eindagine tra le aziende dell'Emilia Romagna$fCarlo Bonora...et al. 210 $aSantarcangelo di Romagna$cMaggioli$dcopyr. 2006 215 $a159 p.$d24 cm$e1 CD-Rom 410 0$12001 454 1$12001 461 1$1001-------$12001 606 0 $aLavoratori$xCondizioni economiche e sociali 606 $aLavoratori$xDiritti 676 $a331.011 702 1$aBONORA,$bCarlo 710 02$aIstituto per il Lavoro$0128569 801 0$aIT$bsalbc$gISBD 912 $a990002861970203316 951 $a331.011 IST 1 (IEP VII 328)$b52519 G.$cIEP VII$d00208696 959 $aBK 969 $aECO 979 $aFIORELLA$b90$c20070129$lUSA01$h1250 979 $aFIORELLA$b90$c20070129$lUSA01$h1257 979 $aRSIAV3$b90$c20090226$lUSA01$h1704 996 $aCome i lavoratori percepiscono le proprie condizioni di lavoro$9992198 997 $aUNISA LEADER 01656oam 2200457 450 001 9910705413103321 005 20170426073257.0 035 $a(CKB)5470000002451260 035 $a(OCoLC)889723454 035 $a(EXLCZ)995470000002451260 100 $a20140901d1995 ua 0 101 0 $aeng 135 $aurn|||||||||| 181 $ctxt$2rdacontent 182 $cc$2rdamedia 183 $acr$2rdacarrier 200 00$aAge and diagenesis of the upper Floridan aquifer and the intermediate aquifer system in southwestern Florida /$fby Lucy McCartan [and seven others] 210 1$aWashington :$cUnited States Government Printing Office,$d1995. 215 $a1 online resource (iv, 26 pages) $cillustrations, maps 225 1 $aU.S. Geological Survey bulletin ;$v2122 300 $aTitle from title screen (viewed August 28, 2014). 300 $aAlso available online in PDF format from the U.S. Geological Survey Warehouse (http://pubs.er.usgs.gov/). 320 $aIncludes bibliographical references (pages 22-26). 606 $aGroundwater$zFlorida 606 $aGroundwater$2fast 607 $aFloridan Aquifer 607 $aFlorida$2fast 607 $aUnited States$zFloridan Aquifer$2fast 615 0$aGroundwater 615 7$aGroundwater. 700 $aMcCartan$b Lucy$0959260 712 02$aGeological Survey (U.S.), 801 0$bCOP 801 1$bCOP 801 2$bOCLCO 801 2$bOCLCF 801 2$bGPO 906 $aBOOK 912 $a9910705413103321 996 $aAge and diagenesis of the upper Floridan aquifer and the intermediate aquifer system in southwestern Florida$93528546 997 $aUNINA